Responses for show #4355 - Friday, July 4, 2003

Contestants

LeeAnn Plona, a 7th grade teacher from Woburn, Massachusetts

Ethan Lowry, a software designer from Seattle, Washington

Tom Guymon, a business manager from Anaheim, California (whose 3-day cash winnings total $45,800)

Jeopardy! Round responses

"SOUTH"ERN SITES
FRIENDS IN FILMS
SCIENCE DIGEST: 1985
SEX IN AMERICAN HISTORY
NUMBERS
DECLARATION OF INDEPENDENCE SIGNERS
    $200 6
South Dakota

Tom
    $200 1
Courteney Cox

Tom
    $200 11
Titanic

Ethan
    $200 26
dances

Tom
    $200 13
49

LeeAnn
    $200 18
Benjamin Franklin

Ethan
    $400 7
South Carolina

Tom
    $400 2
Lisa Kudrow

Tom
    $400 12
Venus flytrap

LeeAnn
    $400 27
movies

Tom
    $400 14
80

Tom
    $400 19
Wales

LeeAnn
    $600 8
South Vietnam

Ethan
    $600 3
(LeeAnn: Who is Matt LeBlanc?)

David Schwimmer

TomLeeAnn
    $600 23
Hawaii

Triple Stumper
    $600 15
(Tom: What is 1?)

11

TomEthan
    $600 20
farmer

Ethan
    $800 9
South Beach

Ethan
    $800 4
Matthew Perry

Tom
    $800 24
Dian Fossey

Tom
    $800 16
40

Tom
    $1,000 21
(Ethan: What is Virginia?)

Massachusetts

Ethan
    $1000 10
the South Pole

Ethan
    $1000 5
(Ethan: Kudrow. Who is Kudrow?)

Matt LeBlanc

Ethan
Triple Stumper
    $1000 25
Atlantis

Triple Stumper
    $1000 17
12

Ethan
    $1000 22
Presbyterian

Triple Stumper

Scores at the first commercial break (after clue 15):

Tom Ethan LeeAnn
$2,400 $2,200 $0

Scores at the end of the Jeopardy! Round:

Tom Ethan LeeAnn
$4,600 $3,000 $400

Double Jeopardy! Round responses

AUTHORS & THEIR RELATIVES
COLORFUL ROCK
THIS OR THAT
GET INTO SHAPE
THE KING IS DEAD
FROM THE SPANISH
    $400 23
the Salem witchcraft trials

LeeAnn
    $400 2
Purple Rain

LeeAnn
    $400 7
The Brain

Tom
    $400 12
4

Ethan
    $400 13
Louis XVI

Ethan
    $400 1
guano

Tom
    $800 24
Mark Twain

LeeAnn
    $800 3
"Big Yellow Taxi"

LeeAnn
    $800 8
Armstrong

Tom
    $800 16
pyramid

LeeAnn
    $800 14
Henry VIII

LeeAnn
    $800 15
chaparral

Tom
    $2,000 25
(LeeAnn: I don't know.)

Faulkner

LeeAnn
    $1200 4
(Reverend) Al Green

Tom
    $1200 9
Trudeau

LeeAnn
    $1200 28
stars

LeeAnn
    $1200 20
(Tom: Who is King Faud?)
(LeeAnn: Who is King Saud?)

King Faisal

TomLeeAnn
Triple Stumper
    $1200 17
caldera

Ethan
    $1600 26
Byron

Ethan
    $1600 5
David Gray

Tom
    $1600 10
Clinton

Tom
    $1600 29
20

LeeAnn
    $2,000 21
Charlemagne

Ethan
    $1600 18
incommunicado

Ethan
    $2000 27
(Daphne) du Maurier

Ethan
    $2000 6
Deep Purple

Tom
    $2000 11
(Tom: What is Libby?)

Liddy

Tom
Triple Stumper
    $2000 30
parabolic

Ethan
    $2000 22
Frederick the Great

Triple Stumper
    $2000 19
guayabera

Triple Stumper

Scores at the end of the Double Jeopardy! Round:

Tom Ethan LeeAnn
$10,200 $14,200 $5,200

[wagering suggestions for these scores]

Final Jeopardy! Round responses

BUSINESS BIGGIES
LeeAnnWhat is ?
$200
TomWhat is Home Depot?
$8,800
EthanWhat is IBM
$6,201
McDonald's

Final scores:

Tom Ethan LeeAnn
$1,400 $7,999 $5,000
3rd place: $1,000 New champion: $7,999 2nd place: $2,000

Game dynamics:

Coryat scores:

Tom Ethan LeeAnn
$10,200 $14,800 $7,200
19 R,
3 W
16 R
(including 1 DD),
2 W
(including 1 DD)
12 R,
3 W
(including 1 DD)

Combined Coryat: $32,200

The J! Archive is created by fans, for fans. The Jeopardy! game show and all elements thereof, including but not limited to copyright and trademark thereto, are the property of Jeopardy Productions, Inc. and are protected under law. This website is not affiliated with, sponsored by, or operated by Jeopardy Productions, Inc. Join the discussion at JBoard.tv.